Pobreza rural persistente /

שמור ב:
מידע ביבליוגרפי
מחבר ראשי: Briones, Carlos
פורמט: Texto
תגים: הוספת תג
אין תגיות, היה/י הראשונ/ה לתייג את הרשומה!

MARC

LEADER 00000 a a2200000 04500
001 7484
003
040
100 |a Briones, Carlos  
245 |a Pobreza rural persistente /  |c Carlos Briones 
500 |a También publicado en la obra: Pobreza, exclusión y política social, Ed. por Rafael Menjívar Larín, Dirk Kruijt y Lieteke van Vucht Tijssen, FLACSO. Programa Costa Rica, Universidad de Utrecht, UNESCO. MOST. N. acceso interno: 14097.01-05  
773 |g número 8; páginas 68-83  
999 |c 29689  |d 29689